Statistics for St Andrews Students - year 13

Click here to take the quiz!

General Stats

  • This quiz has been taken 22 times
    (4 since last reset)
  • The average score is 45 of 142

Answer Stats

Answer% Correct
Max Bellamy
75%
Tom Ashdown
75%
Adam Humphris
50%
Alice Pemberton
50%
Amelie Hodgson
50%
Amelie King
50%
Ben hines
50%
Ben West
50%
Biagio Boscia
50%
Charlie Groom
50%
Chris Grainger
50%
Clevin Tissera
50%
Clodagh Gray
50%
Connor Hindle
50%
Dan Callari
50%
Darcey Roberts
50%
Darcie Nash
50%
David Leach
50%
Ella Whittaker
50%
Elliot Moore
50%
Emma peacock
50%
Gergely Nemeth
50%
Grace Howard
50%
Imogen Coldicott
50%
Isabella Marks
50%
Jake West
50%
Jamelia Mamorno
50%
Jess Curtis
50%
Jess Monteiro
50%
Joe McBride
50%
Joe Morrison
50%
John Carney
50%
John Roberts
50%
Josh Pequeno
50%
Liam duane
50%
Liam Thorne
50%
Lucas Bennet
50%
Luke Poplett
50%
Maddy Smith
50%
Maggie Swan
50%
Matt Horlock
50%
Matt Plowman
50%
Matt Walk
50%
Nathan Burns
50%
Niamh Gray
50%
Oli Hodgson
50%
Oli Nimmo
50%
Oscar Hickey
50%
Piers Bunford
50%
Poppy Imms
50%
robert Morris
50%
Sam Conlan
50%
Sam Granger
50%
Sam Hill
50%
Samuel Beetham
50%
Stanley Palmer
50%
Tabitha Mason
50%
Ted Arlidge
50%
Will Bishop
50%
Aba Mensah
25%
Alex Jaldon
25%
Alex Taylor
25%
Amy Barnhouse
25%
Annika Michael
25%
Austin Finlayson
25%
Becca Dolan
25%
Ben Wakefield
25%
Ben Walker
25%
Beth Barham
25%
Brad Hunt
25%
Cameron Reynolds
25%
Charlie Newman
25%
Charlotte Cotchings
25%
Clara Tighe
25%
Daisy Moram
25%
Dan Scott
25%
Eddy McInally
25%
Edem Agbenyeke
25%
Ellen Hawley
25%
Ester McCulloch
25%
Eva Bunting
25%
Farrah Preuveneers
25%
Finn Nolan
25%
Freddy Smythe
25%
George Al-Daccache
25%
George Kirby
25%
Grace Leonard
25%
Harry Simpson
25%
Ignacio Favell
25%
Isaac Gallant
25%
Issy Lindsey
25%
Jack Gaffney
25%
Jamie Castledine
25%
Joe O'Sullivan
25%
Joe Snelling
25%
Lily Fitzpatrick
25%
Louis Middleton
25%
Lousie Kirkby
25%
Mike Doherty
25%
Niamh Patrick
25%
Niamh Winter
25%
Noah Truscott
25%
Olivia Marks
25%
Olivia Merritt
25%
Ollie Tubb
25%
Omar Attia
25%
Oriana Stringer
25%
Orla Kennedy
25%
Patrick Gibbard
25%
Patrick Grasty
25%
Ruby Mayle
25%
Sam Geno
25%
Sam Jones
25%
Sam McDowell
25%
Satine Reed
25%
Scott White
25%
Siobhan Coll
25%
Teodora Petrovic
25%
Tosia Wojcik
25%
Ugne Garcia
25%
Adrian Tobi
0%
Alexia Rodriguez
0%
Alex Keeley
0%
Anna Brzezinski
0%
Anna Shepherd
0%
Charles Upfold
0%
Dan McLucas
0%
Ella Jones
0%
Ella McSherry
0%
India Chilvers
0%
Issy Agar
0%
Jocelyn Swithinbank
0%
Kia Eynon
0%
Kyla Kitchenbrand
0%
Kyla Pasantes
0%
Luke Schooling
0%
Nathan Snell
0%
Niamh Green
0%
Noor Ghanem
0%
Roisin Parkinson
0%
Sienna Fowler
0%
Tiffany Tobi
0%

Score Distribution

Percentile by Number Answered

Percent of People with Each Score

Your Score History

You have not taken this quiz since the last reset